Stratégia nákupu v podniku diplomová práca

Na minha lista:
Detalhes bibliográficos
Autor principal: Šnirc, Igor
Autor Corporativo: Fakulta podnikového manažmentu EU. Katedra podnikovohospodárska
Outros Autores: Tóth, Miroslav, 1961-
Formato: Livro
Idioma:eslovaco
Publicado em: Bratislava 2012
Tags: Adicionar Tag
Sem tags, seja o primeiro a adicionar uma tag!

MARC

LEADER 00000nbm a2200000 4500
001 0153943
005 20161109102127.9
041 0 |a slo 
044 |a SK 
245 1 0 |a Stratégia nákupu v podniku  |b diplomová práca  |c Igor Šnirc ; školiteľ: Miroslav Tóth 
264 1 |a Bratislava  |c 2012 
300 |a 71 s. 
100 1 |a Šnirc, Igor 
700 1 |a Tóth, Miroslav, 1961- 
710 2 |a Fakulta podnikového manažmentu EU. Katedra podnikovohospodárska